[Event "CZE-ch Women 2019"]
[Site "Prague"]
[Date "2019.06.16"]
[Round "2.3"]
[White "Petrova, Kristyna"]
[Black "Sikorova, Olga"]
[Result "1-0"]
[WhiteElo "2259"]
[BlackElo "2248"]
[Annotator "NA"]
[PlyCount "111"]
[EventDate "2019.06.15"]
[EventType "tourn"]
[EventCountry "CZE"]
[SourceTitle "playchess.com"]
[Source "ChessBase"]
[SourceQuality "1"]
[TimeControl "40/5400+30:1800+30"]

1. e4 {[%emt 0:00:00]} e6 {[%emt 0:00:00]} 2. d4 {[%emt 0:00:00]} d5 {[%emt 0:00:00]} 3. Bd3 {[%emt 0:00:00]} dxe4 {[%emt 0:00:15]} 4. Bxe4 {[%emt 0:00:00]} Nf6 {[%emt 0:00:08]} 5. Bf3 {[%emt 0:00:00]} Nbd7 {[%emt 0:09:52]} 6. Ne2 {[%emt 0:01:51]} Be7 {[%emt 0:04:50]} 7. Nbc3 {[%emt 0:05:11]} e5 {[%emt 0:04:53]} 8. O-O {[%emt 0:06:28]} O-O {[%emt 0:01:44]} 9. Re1 {[%emt 0:05:39]} c6 {[%emt 0:03:22]} 10. Be3 {[%emt 0:03:30]} Qc7 {[%emt 0:02:39]} 11. Ng3 {[%emt 0:07:01]} Re8 {[%emt 0:11:41]} 12. d5 {[%emt 0:13:26]} cxd5 {[%emt 0:01:37]} 13. Nxd5 {[%emt 0:00:27]} Nxd5 {[%emt 0:00:45]} 14. Bxd5 {[%emt 0:00:04]} Nf6 {[%emt 0:04:16]} 15. Bb3 {[%emt 0:03:36]} Bd7 {[%emt 0:18:00]} 16. h3 {[%emt 0:11:32]} Rad8 {[%emt 0:03:39]} 17. Qe2 {[%emt 0:01:21]} b6 {[%emt 0:00:47]} 18. Rad1 {[%emt 0:05:40]} Bc8 {[%emt 0:05:10]} 19. Rxd8 {[%emt 0:06:28]} Bxd8 {[%emt 0:06:28]} 20. Bd2 {[%emt 0:07:34]} Bb7 {[%emt 0:03:54]} 21. Qc4 {[%emt 0:01:12]} Qxc4 {[%emt 0:02:05]} 22. Bxc4 {[%emt 0:00:02]} Bc7 {[%emt 0:00:54]} 23. Bg5 {[%emt 0:01:36]} e4 {[%emt 0:05:52]} 24. Nf5 {[%emt 0:03:57]} Bc8 {[%emt 0:03:05]} 25. Nh6+ {[%emt 0:01:42]} gxh6 {[%emt 0:01:12]} 26. Bxf6 {[%emt 0:00:04]} Bb7 {[%emt 0:00:46]} 27. Rd1 {[%emt 0:04:35]} Bc6 {[%emt 0:00:31]} 28. Bd5 {[%emt 0:04:20]} Bxd5 {[%emt 0:00:53]} 29. Rxd5 {[%emt 0:00:02]} Re6 {[%emt 0:00:27]} 30. Bc3 {[%emt 0:02:22]} Rd6 {[%emt 0:01:01]} 31. Rxd6 {[%emt 0:00:42]} Bxd6 {[%emt 0:00:02]} 32. Bf6 {[%emt 0:00:05]} h5 {[%emt 0:01:11]} 33. Kf1 {[%emt 0:01:27]} h6 {[%emt 0:00:20]} 34. Ke2 {[%emt 0:01:22]} Kh7 {[%emt 0:00:02]} 35. c4 {[%emt 0:02:53]} Kg6 {[%emt 0:00:15]} 36. Bd4 {[%emt 0:00:05]} f5 {[%emt 0:01:49]} 37. f3 {[%emt 0:00:24]} Be7 {[%emt 0:01:49]} 38. a3 {[%emt 0:01:13]} Kg5 {[%emt 0:01:47]} 39. Ke3 {[%emt 0:00:37]} exf3 {[%emt 0:00:46]} 40. Kxf3 {[%emt 0:00:14]} Bd6 {[%emt 0:00:29]} 41. b4 {[%emt 0:06:05]} Bc7 {[%emt 0:04:19]} 42. h4+ {[%emt 0:10:49]} Kg6 {[%emt 0:00:23]} 43. Be3 {[%emt 0:00:04]} Kf7 {[%emt 0:03:44]} 44. Bxh6 {[%emt 0:01:57]} a5 {[%emt 0:10:50]} 45. bxa5 {[%emt 0:03:54]} bxa5 {[%emt 0:00:02]} 46. a4 {[%emt 0:00:04]} Ke6 {[%emt 0:00:24]} 47. Bf4 {[%emt 0:01:52]} Bd8 {[%emt 0:00:34]} 48. g3 {[%emt 0:00:41]} Bb6 {[%emt 0:05:28]} 49. Bb8 {[%emt 0:01:23]} Bc5 {[%emt 0:02:13]} 50. Kf4 {[%emt 0:01:25]} Kf6 {[%emt 0:00:37]} 51. Be5+ {[%emt 0:00:25]} Ke6 {[%emt 0:02:46]} 52. Bc7 {[%emt 0:00:13]} Bb4 {[%emt 0:00:00]} 53. Kg5 {[%emt 0:00:31]} Kd7 {[%emt 0:00:54]} 54. Be5 {[%emt 0:01:10]} Kc6 {[%emt 0:00:12]} 55. Bd4 {[%emt 0:00:47]} Be1 {[%emt 0:01:11]} 56. Kxf5 {[%emt 0:00:22] Kd5} 1-0

[Event "CZE-ch Women 2019"]
[Site "Prague"]
[Date "2019.06.16"]
[Round "2.4"]
[White "Kanakova, Natalie"]
[Black "Olsarova, Karolina"]
[Result "1/2-1/2"]
[WhiteElo "2201"]
[BlackElo "2260"]
[Annotator "NA"]
[PlyCount "82"]
[EventDate "2019.06.15"]
[EventType "tourn"]
[EventCountry "CZE"]
[SourceTitle "playchess.com"]
[Source "ChessBase"]
[SourceQuality "1"]
[TimeControl "40/5400+30:1800+30"]

1. e4 {[%emt 0:00:00]} e5 {[%emt 0:00:00]} 2. Nc3 {[%emt 0:00:00]} Nf6 {[%emt 0:00:00]} 3. Bc4 {[%emt 0:00:00]} Nc6 {[%emt 0:01:22]} 4. d3 {[%emt 0:00:30]} Na5 {[%emt 0:00:47]} 5. Bb3 {[%emt 0:00:15]} Bc5 {[%emt 0:03:34]} 6. f4 {[%emt 0:01:10]} Nxb3 {[%emt 0:09:49]} 7. axb3 {[%emt 0:00:07]} exf4 {[%emt 0:01:29]} 8. e5 {[%emt 0:01:38]} Ng8 {[%emt 0:08:01]} 9. Bxf4 {[%emt 0:00:46]} d5 {[%emt 0:02:44]} 10. d4 {[%emt 0:09:45]} Bb4 {[%emt 0:05:34]} 11. Nf3 {[%emt 0:02:49]} Ne7 {[%emt 0:04:54]} 12. O-O {[%emt 0:04:16]} h6 {[%emt 0:10:14]} 13. Ra4 {[%emt 0:10:43]} a5 {[%emt 0:05:24]} 14. Nb5 {[%emt 0:06:57]} Bd7 {[%emt 0:20:06]} 15. Qe2 {[%emt 0:04:51]} Ng6 {[%emt 0:01:20]} 16. e6 {[%emt 0:07:44]} O-O {[%emt 0:00:47]} 17. Bg3 {[%emt 0:07:16]} Bxb5 {[%emt 0:04:16]} 18. Qxb5 {[%emt 0:00:33]} Ra7 {[%emt 0:05:50]} 19. c3 {[%emt 0:05:36]} Be7 {[%emt 0:00:40]} 20. Qd3 {[%emt 0:02:09]} Ra6 {[%emt 0:00:41]} 21. Re1 {[%emt 0:02:10]} Qc8 {[%emt 0:07:46]} 22. exf7+ {[%emt 0:09:46]} Kxf7 {[%emt 0:00:07]} 23. Ne5+ {[%emt 0:01:59]} Nxe5 {[%emt 0:00:10]} 24. Bxe5 {[%emt 0:01:16]} Bf6 {[%emt 0:03:19]} 25. Bxf6 {[%emt 0:04:22]} Rxf6 {[%emt 0:00:02]} 26. Rxa5 {[%emt 0:00:06]} c6 {[%emt 0:00:45]} 27. c4 {[%emt 0:03:28]} Qc7 {[%emt 0:02:19]} 28. Raa1 {[%emt 0:03:09]} Kg8 {[%emt 0:00:23]} 29. Re5 {[%emt 0:05:09]} Qf7 {[%emt 0:00:29]} 30. h3 {[%emt 0:01:39]} Rf2 {[%emt 0:00:39]} 31. Re2 {[%emt 0:01:55]} Rf1+ {[%emt 0:01:14]} 32. Rxf1 {[%emt 0:00:04]} Qxf1+ {[%emt 0:00:02]} 33. Kh2 {[%emt 0:00:05]} Qf4+ {[%emt 0:00:33]} 34. g3 {[%emt 0:02:16]} Qf3 {[%emt 0:00:07]} 35. Qxf3 {[%emt 0:01:55]} Rxf3 {[%emt 0:00:02]} 36. cxd5 {[%emt 0:00:20]} cxd5 {[%emt 0:01:04]} 37. Re5 {[%emt 0:01:01]} Rxb3 {[%emt 0:00:10]} 38. Rxd5 {[%emt 0:00:04]} Rxb2+ {[%emt 0:00:06]} 39. Kg1 {[%emt 0:00:04]} Kf7 {[%emt 0:00:34]} 40. Rd6 {[%emt 0:00:48]} Ke7 {[%emt 0:01:15]} 41. Rg6 {[%emt 0:30:22]} Kf7 {[%emt 0:30:14]} 1/2-1/2

[Event "CZE-ch Women 2019"]
[Site "Prague"]
[Date "2019.06.16"]
[Round "2.5"]
[White "Laurincova, Kristyna"]
[Black "Kulovana, Eva"]
[Result "0-1"]
[WhiteElo "1984"]
[BlackElo "2208"]
[Annotator "NA"]
[PlyCount "70"]
[EventDate "2019.06.15"]
[EventType "tourn"]
[EventCountry "CZE"]
[SourceTitle "playchess.com"]
[Source "ChessBase"]
[SourceQuality "1"]
[TimeControl "40/5400+30:1800+30"]

1. e4 {[%emt 0:00:00]} c6 {[%emt 0:00:00]} 2. d4 {[%emt 0:00:00]} d5 {[%emt 0:00:00]} 3. e5 {[%emt 0:00:00]} c5 {[%emt 0:03:35]} 4. dxc5 {[%emt 0:23:21]} Nc6 {[%emt 0:02:36]} 5. Bb5 {[%emt 0:01:36]} e6 {[%emt 0:00:23]} 6. Bxc6+ {[%emt 0:04:02]} bxc6 {[%emt 0:00:07]} 7. b4 {[%emt 0:01:11]} a5 {[%emt 0:05:18]} 8. c3 {[%emt 0:04:54]} Ba6 {[%emt 0:00:13]} 9. f4 {[%emt 0:14:39]} Qb8 {[%emt 0:15:40]} 10. a3 {[%emt 0:06:07]} h5 {[%emt 0:16:35]} 11. Nf3 {[%emt 0:04:36]} f6 {[%emt 0:12:30]} 12. Nbd2 {[%emt 0:11:28]} Ne7 {[%emt 0:01:42]} 13. Nb3 {[%emt 0:00:18]} axb4 {[%emt 0:04:57]} 14. cxb4 {[%emt 0:03:14]} Nf5 {[%emt 0:00:50]} 15. Nbd4 {[%emt 0:02:12]} Nxd4 {[%emt 0:00:58]} 16. Nxd4 {[%emt 0:04:03]} Kd7 {[%emt 0:02:26]} 17. Nf3 {[%emt 0:05:48]} Be7 {[%emt 0:00:26]} 18. Kf2 {[%emt 0:00:53]} g5 {[%emt 0:01:06]} 19. Qd4 {[%emt 0:02:40]} g4 {[%emt 0:03:08]} 20. exf6 {[%emt 0:03:16]} gxf3 {[%emt 0:00:32]} 21. fxe7 {[%emt 0:00:06]} fxg2 {[%emt 0:01:27]} 22. Re1 {[%emt 0:01:55]} Rg8 {[%emt 0:01:11]} 23. Bb2 {[%emt 0:03:48]} Qb5 {[%emt 0:00:32]} 24. Qe5 {[%emt 0:01:07]} Rae8 {[%emt 0:09:44]} 25. Qxe6+ {[%emt 0:00:16]} Kc7 {[%emt 0:00:10]} 26. Qd6+ {[%emt 0:00:56]} Kb7 {[%emt 0:00:18]} 27. Qd7+ {[%emt 0:00:28]} Ka8 {[%emt 0:00:12]} 28. Qe6 {[%emt 0:00:32]} Rg4 {[%emt 0:05:22]} 29. Qe3 {[%emt 0:00:29]} Qc4 {[%emt 0:00:47]} 30. Bd4 {[%emt 0:00:33]} Qc2+ {[%emt 0:01:00]} 31. Kg1 {[%emt 0:00:29]} Qc4 {[%emt 0:00:39]} 32. Kf2 {[%emt 0:00:25]} Rxe7 {[%emt 0:02:24]} 33. Qxe7 {[%emt 0:00:28]} Qxd4+ {[%emt 0:00:05]} 34. Qe3 {[%emt 0:00:25]} g1=Q+ {[%emt 0:00:22]} 35. Rxg1 {[%emt 0:00:35]} Rxf4+ {[%emt 0:00:08]} 0-1

[Event "CZE-ch Women 2019"]
[Site "Prague"]
[Date "2019.06.17"]
[Round "3.1"]
[White "Kulovana, Eva"]
[Black "Novosadova, Kristyna"]
[Result "0-1"]
[WhiteElo "2208"]
[BlackElo "2209"]
[Annotator "NA"]
[PlyCount "90"]
[EventDate "2019.06.15"]
[EventType "tourn"]
[EventCountry "CZE"]
[SourceTitle "playchess.com"]
[Source "ChessBase"]
[SourceQuality "1"]
[TimeControl "40/5400+30:1800+30"]

1. d4 {[%emt 0:00:00]} Nf6 {[%emt 0:00:00]} 2. Nf3 {[%emt 0:00:00]} g6 {[%emt 0:00:09]} 3. Bg5 {[%emt 0:00:00]} Bg7 {[%emt 0:01:16]} 4. c3 {[%emt 0:00:36]} d5 {[%emt 0:02:50]} 5. Nbd2 {[%emt 0:01:15]} Nbd7 {[%emt 0:06:00]} 6. e3 {[%emt 0:01:11]} c5 {[%emt 0:02:43]} 7. Bd3 {[%emt 0:00:47]} h6 {[%emt 0:03:23]} 8. Bh4 {[%emt 0:03:25]} Qb6 {[%emt 0:02:57]} 9. Qb3 {[%emt 0:10:03]} Qe6 {[%emt 0:05:15]} 10. c4 {[%emt 0:05:46]} cxd4 {[%emt 0:03:24]} 11. cxd5 {[%emt 0:07:02]} Nxd5 {[%emt 0:02:25]} 12. e4 {[%emt 0:00:40]} N7b6 {[%emt 0:06:34]} 13. Bb5+ {[%emt 0:03:25]} Kf8 {[%emt 0:00:50]} 14. O-O {[%emt 0:06:24]} Nc7 {[%emt 0:05:32]} 15. Bd3 {[%emt 0:03:03]} Qxb3 {[%emt 0:09:00]} 16. Nxb3 {[%emt 0:01:51]} Bg4 {[%emt 0:01:53]} 17. Nfd2 {[%emt 0:01:25]} g5 {[%emt 0:01:49]} 18. Bg3 {[%emt 0:00:07]} Ne6 {[%emt 0:00:27]} 19. Rac1 {[%emt 0:04:17]} Na4 {[%emt 0:04:36]} 20. Rc2 {[%emt 0:00:39]} b6 {[%emt 0:00:18]} 21. f3 {[%emt 0:03:44]} Bh5 {[%emt 0:01:28]} 22. Rfc1 {[%emt 0:00:08]} Kg8 {[%emt 0:05:54]} 23. e5 {[%emt 0:02:49]} Nec5 {[%emt 0:02:40]} 24. Nxc5 {[%emt 0:01:46]} Nxc5 {[%emt 0:01:55]} 25. Bf1 {[%emt 0:02:21]} Bg6 {[%emt 0:04:11]} 26. Rc4 {[%emt 0:00:22]} Rd8 {[%emt 0:00:44]} 27. b4 {[%emt 0:03:47]} Ne6 {[%emt 0:00:41]} 28. Re1 {[%emt 0:03:10]} Kh7 {[%emt 0:01:57]} 29. Bf2 {[%emt 0:00:31]} Rd5 {[%emt 0:01:17]} 30. g3 {[%emt 0:09:24]} Bf5 {[%emt 0:04:34]} 31. h4 {[%emt 0:09:13]} gxh4 {[%emt 0:05:21]} 32. g4 {[%emt 0:00:43]} Bg6 {[%emt 0:00:08]} 33. Bxh4 {[%emt 0:00:14]} Rxe5 {[%emt 0:00:41]} 34. Rxe5 {[%emt 0:00:24]} Bxe5 {[%emt 0:00:05]} 35. Bxe7 {[%emt 0:00:35]} Re8 {[%emt 0:02:25]} 36. Bh4 {[%emt 0:00:21]} Bf4 {[%emt 0:00:32]} 37. Ne4 {[%emt 0:04:17]} Bxe4 {[%emt 0:00:06]} 38. fxe4 {[%emt 0:00:03]} Rg8 {[%emt 0:00:24]} 39. Bf6 {[%emt 0:02:33]} Rxg4+ {[%emt 0:01:00]} 40. Kf2 {[%emt 0:01:06]} Be3+ {[%emt 0:00:41]} 41. Ke1 {[%emt 0:30:41]} Rg1 {[%emt 0:35:44]} 42. Rc6 {[%emt 0:04:21]} d3 {[%emt 0:04:27]} 43. Rd6 {[%emt 0:00:38]} d2+ {[%emt 0:00:08]} 44. Ke2 {[%emt 0:00:11]} Rxf1 {[%emt 0:00:15]} 45. Kxf1 {[%emt 0:02:39]} Nd4 {[%emt 0:00:09]} 0-1

[Event "CZE-ch Women 2019"]
[Site "Prague"]
[Date "2019.06.17"]
[Round "3.2"]
[White "Olsarova, Karolina"]
[Black "Laurincova, Kristyna"]
[Result "1-0"]
[WhiteElo "2260"]
[BlackElo "1984"]
[Annotator "NA"]
[PlyCount "77"]
[EventDate "2019.06.15"]
[EventType "tourn"]
[EventCountry "CZE"]
[SourceTitle "playchess.com"]
[Source "ChessBase"]
[SourceQuality "1"]
[TimeControl "40/5400+30:1800+30"]

1. e4 {[%emt 0:00:00]} c5 {[%emt 0:00:00]} 2. Nf3 {[%emt 0:00:00]} d6 {[%emt 0:00:00]} 3. d4 {[%emt 0:00:00]} cxd4 {[%emt 0:00:00]} 4. Nxd4 {[%emt 0:00:06]} Nf6 {[%emt 0:00:00]} 5. Nc3 {[%emt 0:00:06]} g6 {[%emt 0:00:12]} 6. g3 {[%emt 0:00:20]} Nc6 {[%emt 0:01:00]} 7. Nde2 {[%emt 0:00:56]} Bd7 {[%emt 0:00:45]} 8. Bg2 {[%emt 0:00:14]} Qc8 {[%emt 0:00:15]} 9. h3 {[%emt 0:00:08]} Bg7 {[%emt 0:00:30]} 10. Be3 {[%emt 0:01:58]} O-O {[%emt 0:01:20]} 11. Nd5 {[%emt 0:16:09]} Nxd5 {[%emt 0:07:52]} 12. exd5 {[%emt 0:00:07]} Ne5 {[%emt 0:03:09]} 13. Bd4 {[%emt 0:05:50]} Bb5 {[%emt 0:18:47]} 14. Bc3 {[%emt 0:08:09]} Qc4 {[%emt 0:09:42]} 15. Nd4 {[%emt 0:20:22]} Ba6 {[%emt 0:02:43]} 16. Nb3 {[%emt 0:03:04]} Rac8 {[%emt 0:13:34]} 17. Qd2 {[%emt 0:10:59]} Qa4 {[%emt 0:05:34]} 18. Qd1 {[%emt 0:06:34]} Rc4 {[%emt 0:14:53]} 19. f4 {[%emt 0:07:03]} Re4+ {[%emt 0:08:04]} 20. Bxe4 {[%emt 0:05:30]} Qxe4+ {[%emt 0:00:01]} 21. Kf2 {[%emt 0:00:13]} Bh6 {[%emt 0:09:42]} 22. Re1 {[%emt 0:06:15]} Qf5 {[%emt 0:00:01]} 23. Kg2 {[%emt 0:00:47]} Nc4 {[%emt 0:02:44]} 24. Rc1 {[%emt 0:04:11]} Nb6 {[%emt 0:00:18]} 25. Qd4 {[%emt 0:01:37]} Qxd5+ {[%emt 0:00:43]} 26. Qxd5 {[%emt 0:00:02]} Nxd5 {[%emt 0:00:06]} 27. Bd4 {[%emt 0:00:07]} Rc8 {[%emt 0:00:51]} 28. Nd2 {[%emt 0:01:51]} Kf8 {[%emt 0:00:30]} 29. Kf3 {[%emt 0:01:04]} Nb4 {[%emt 0:00:16]} 30. Bxa7 {[%emt 0:00:36]} Nxc2 {[%emt 0:00:33]} 31. Kf2 {[%emt 0:00:30]} Bd3 {[%emt 0:00:51]} 32. Re3 {[%emt 0:00:29]} Bf5 {[%emt 0:00:32]} 33. Rb3 {[%emt 0:00:30]} Rc7 {[%emt 0:00:31]} 34. Bb6 {[%emt 0:00:15]} Rc6 {[%emt 0:00:11]} 35. Ba7 {[%emt 0:00:47]} Ra6 {[%emt 0:00:48]} 36. Rxb7 {[%emt 0:00:13]} Rxa2 {[%emt 0:00:15]} 37. g4 {[%emt 0:00:47]} Bxf4 {[%emt 0:00:46]} 38. gxf5 {[%emt 0:00:26]} Rxa7 {[%emt 0:00:30]} 39. Rxa7 {[%emt 0:00:34]} 1-0

[Event "CZE-ch Women 2019"]
[Site "Prague"]
[Date "2019.06.17"]
[Round "3.3"]
[White "Sikorova, Olga"]
[Black "Kanakova, Natalie"]
[Result "1/2-1/2"]
[WhiteElo "2248"]
[BlackElo "2201"]
[Annotator "NA"]
[PlyCount "54"]
[EventDate "2019.06.15"]
[EventType "tourn"]
[EventCountry "CZE"]
[SourceTitle "playchess.com"]
[Source "ChessBase"]
[SourceQuality "1"]
[TimeControl "40/5400+30:1800+30"]

1. Nf3 {[%emt 0:00:00]} c5 {[%emt 0:00:00]} 2. c4 {[%emt 0:00:30]} g6 {[%emt 0:01:24]} 3. g3 {[%emt 0:00:11]} Bg7 {[%emt 0:00:22]} 4. Bg2 {[%emt 0:00:09]} Nc6 {[%emt 0:00:19]} 5. O-O {[%emt 0:00:56]} e5 {[%emt 0:00:52]} 6. Nc3 {[%emt 0:00:23]} Nge7 {[%emt 0:00:36]} 7. Ne1 {[%emt 0:02:09]} O-O {[%emt 0:02:41]} 8. Nc2 {[%emt 0:00:10]} Rb8 {[%emt 0:03:37]} 9. a3 {[%emt 0:05:59]} d6 {[%emt 0:09:14]} 10. Ne3 {[%emt 0:04:38]} a6 {[%emt 0:04:17]} 11. Ned5 {[%emt 0:07:40]} b5 {[%emt 0:02:21]} 12. cxb5 {[%emt 0:14:53]} axb5 {[%emt 0:00:08]} 13. b4 {[%emt 0:00:38]} cxb4 {[%emt 0:12:44]} 14. axb4 {[%emt 0:01:03]} Be6 {[%emt 0:00:26]} 15. Nxe7+ {[%emt 0:01:29]} Nxe7 {[%emt 0:02:45]} 16. Bb2 {[%emt 0:17:33]} d5 {[%emt 0:01:59]} 17. Ra6 {[%emt 0:11:21]} Qd7 {[%emt 0:07:54]} 18. Qa1 {[%emt 0:02:11]} Nc6 {[%emt 0:02:51]} 19. Qa3 {[%emt 0:01:26]} e4 {[%emt 0:08:18]} 20. d3 {[%emt 0:11:27]} exd3 {[%emt 0:03:10]} 21. exd3 {[%emt 0:00:22]} Ne5 {[%emt 0:01:22]} 22. Ne2 {[%emt 0:04:31]} Bf5 {[%emt 0:05:17]} 23. Nf4 {[%emt 0:02:11]} d4 {[%emt 0:03:12]} 24. Ra7 {[%emt 0:00:48]} Qd6 {[%emt 0:02:44]} 25. Ra6 {[%emt 0:00:40]} Qd7 {[%emt 0:07:12]} 26. Ra7 {[%emt 0:00:08]} Qd6 {[%emt 0:00:32]} 27. Ra6 {[%emt 0:01:46]} Qd7 1/2-1/2

[Event "CZE-ch Women 2019"]
[Site "Prague"]
[Date "2019.06.17"]
[Round "3.4"]
[White "Rodshtein, Tereza"]
[Black "Petrova, Kristyna"]
[Result "1/2-1/2"]
[WhiteElo "2213"]
[BlackElo "2259"]
[Annotator "NA"]
[PlyCount "60"]
[EventDate "2019.06.15"]
[EventType "tourn"]
[EventCountry "CZE"]
[SourceTitle "playchess.com"]
[Source "ChessBase"]
[SourceQuality "1"]
[TimeControl "40/5400+30:1800+30"]

1. e4 {[%emt 0:00:00]} c5 {[%emt 0:00:00]} 2. Nf3 {[%emt 0:00:00]} Nc6 {[%emt 0:00:00]} 3. d4 {[%emt 0:00:10]} cxd4 {[%emt 0:00:00]} 4. Nxd4 {[%emt 0:00:04]} Nf6 {[%emt 0:00:00]} 5. Nc3 {[%emt 0:00:08]} e6 {[%emt 0:00:00]} 6. Ndb5 {[%emt 0:07:54]} Bb4 {[%emt 0:00:10]} 7. a3 {[%emt 0:00:06]} Bxc3+ {[%emt 0:00:06]} 8. Nxc3 {[%emt 0:00:05]} d5 {[%emt 0:00:08]} 9. exd5 {[%emt 0:04:05]} exd5 {[%emt 0:00:08]} 10. Bd3 {[%emt 0:00:30]} O-O {[%emt 0:00:24]} 11. O-O {[%emt 0:02:41]} d4 {[%emt 0:00:15]} 12. Ne2 {[%emt 0:01:42]} Bg4 {[%emt 0:01:10]} 13. Bg5 {[%emt 0:08:04]} Qd6 {[%emt 0:03:11]} 14. f3 {[%emt 0:05:24]} Bh5 {[%emt 0:01:43]} 15. Qd2 {[%emt 0:02:06]} Rad8 {[%emt 0:43:50]} 16. Qf4 {[%emt 0:16:56]} Bg6 {[%emt 0:07:34]} 17. Qxd6 {[%emt 0:13:11]} Rxd6 {[%emt 0:00:06]} 18. Nf4 {[%emt 0:00:05]} Bxd3 {[%emt 0:06:41]} 19. Nxd3 {[%emt 0:01:15]} Nd5 {[%emt 0:00:52]} 20. Rfe1 {[%emt 0:01:47]} f6 {[%emt 0:00:41]} 21. Bd2 {[%emt 0:00:34]} Kf7 {[%emt 0:01:06]} 22. Kf2 {[%emt 0:00:25]} Re8 {[%emt 0:03:38]} 23. Rxe8 {[%emt 0:02:53]} Kxe8 {[%emt 0:00:55]} 24. h4 {[%emt 0:07:46]} Kf7 {[%emt 0:06:25]} 25. Re1 {[%emt 0:04:08]} b6 {[%emt 0:00:19]} 26. Nf4 {[%emt 0:01:12]} Ne5 {[%emt 0:03:11]} 27. Re4 {[%emt 0:05:34]} Nxf4 {[%emt 0:06:25]} 28. Bxf4 {[%emt 0:02:01]} d3 {[%emt 0:04:22]} 29. cxd3 {[%emt 0:00:33]} Nxd3+ {[%emt 0:00:05]} 30. Kg3 {[%emt 0:01:39]} Nxf4 {[%emt 0:02:18]} 1/2-1/2

[Event "CZE-ch Women 2019"]
[Site "Prague"]
[Date "2019.06.17"]
[Round "3.5"]
[White "Pychova, Nela"]
[Black "Miturova, Magdalena"]
[Result "1/2-1/2"]
[WhiteElo "2174"]
[BlackElo "2220"]
[Annotator "TA"]
[PlyCount "153"]
[EventDate "2019.06.15"]
[EventType "tourn"]
[EventCountry "CZE"]
[SourceTitle "playchess.com"]
[Source "ChessBase"]
[SourceQuality "1"]

{[%evp 20,153,29,0,26,30,29,18,12,0,31,0,0,0,0,-1,0,-7,49,0,0,-58,-50,-77,-81,-64,-44,-110,-129,-61,0,-25,-23,-136,-131,-126,-87,-111,-100,-133,-112,-207,-204,-207,-197,-308,-318,-389,-389,-384,-363,-479,-446,-437,-441,-375,-171,-171,-166,-150,-129,-170,-169,-164,0,-183,-166,-164,-181,-184,-177,-162,-83,-162,-162,-142,0,0,0,0,0,0,0,0,0,0,8,8,8,0,0,0,0,0,11,11,11,11,13,35,62,62,323,11,11,11,11,11,12,11,11,11,11,11,27,27,82,83,83,11,11,11,11,11,11,11,11,11,11,11,11,0,11,0,0,0]} 1. c4 e5 2. Nc3 Nf6 3. g3 d5 4. cxd5 Nxd5 5. Bg2 Nb6 6. Nf3 Nc6 7. O-O Be7 8. d3 O-O 9. a3 Be6 10. b4 f6 11. Bb2 a5 {A29: English Opening: Four Knights Variation with 4 g3} 12. b5 Nd4 13. Nxd4 (13. Nd2 c6 14. bxc6 Nxc6 15. Na4 Rb8 16. Rc1 Nxa4 17. Qxa4 Nd4 18. Qd1 a4 19. e3 Nb3 20. Nxb3 Bxb3 {1-0 (51) Li,C (2720)-Ma,Q (2637) China 2017}) 13... exd4 14. Na4 Bd5 15. Nxb6 (15. Bh3 {feels hotter.} Bf7 16. Rc1 Re8 17. Bg2 Nd5 18. Nc5) 15... cxb6 {[#]} 16. Bxd5+ $146 ({Predecessor:} 16. Qa4 Bxg2 17. Kxg2 Qd5+ {1-0 (55) Dzagnidze,N (2550)-Batchimeg,T (2340) Khanty-Mansiysk 2014}) 16... Qxd5 17. Qa4 Bc5 18. Rac1 Qd6 (18... Rfe8 $11) 19. Rc4 Rad8 20. Rfc1 (20. Rc2 $11) 20... f5 $15 21. Qd1 f4 22. Qf1 Qe6 23. Re1 (23. R1c2 $1 $15) 23... fxg3 $17 24. hxg3 Rf5 ({Better is} 24... h5 $15 25. Qg2 Rd7) 25. Qg2 Re5 $36 {[%mdl 2048] Black fights for an advantage.} 26. Qf1 (26. Kf1 $1 $11) 26... h5 $1 27. Bc1 Re8 {[%cal Re5e2]} 28. Bf4 Rxe2 29. Rxe2 Qxe2 30. Qxe2 (30. a4 $17 {was necessary.}) 30... Rxe2 {[%mdl 4096] Endgame KRB-KRB} 31. Kf1 Rb2 32. a4 (32. Be5 $142) 32... Kf7 $19 33. Bc1 Ra2 34. Kg2 Ke6 35. g4 h4 36. Bg5 {[#]} h3+ $1 {[%mdl 512]} 37. Kxh3 Rxf2 (37... Ra3 $142 38. Rc1 Rxd3+ 39. Kg2 Ra3) 38. Kg3 Rb2 39. Kf3 Kd5 40. Rc1 Ra2 41. Rc4 Rb2 42. Rc1 Rb3 43. Ke2 Rb4 44. Ra1 Rb2+ 45. Kf3 Bb4 ({Black should try} 45... g6 $19 46. Bf4 Rb3) 46. Bf4 (46. Rh1 $17) 46... Rb3 47. Ke2 Bc3 (47... Bd6 $1 $17 {[%cal Rd6f4]} 48. Bxd6 Kxd6) 48. Rh1 $11 Ra3 49. Rh7 Rxa4 50. Rxg7 Ra1 {aiming for ...Kc5.} 51. Rg5+ Ke6 {And now ...a4 would win.} 52. Rg6+ Kf7 53. Rxb6 Re1+ 54. Kf3 Re7 $1 55. g5 Bb4 56. g6+ Kg8 57. Bg5 Rd7 58. Bf6 {Threatens to win with Re6.} Be7 $1 59. Be5 Bf8 60. Re6 $1 Rd8 $2 {[%mdl 8192] [#]} (60... a4 $14) 61. Bf6 $2 (61. Bc7 $1 $18 {[%cal Rc7d8]} Rc8 62. Bxa5) 61... Ra8 $1 62. Bxd4 {Black must now prevent Rb6.} Bg7 63. Bxg7 Kxg7 {KR-KR} 64. Re7+ {[%mdl 64] Double Attack} Kxg6 65. Rxb7 Kf5 66. b6 {Ra7 is the strong threat.} a4 (66... Ke5 {with more complications.} 67. Ra7 Rb8 68. Ke3 Rxb6 69. Rxa5+ Kd6) 67. Ra7 Rb8 (67... Rd8 $1 $11) 68. Rxa4 $16 Rxb6 {[#]} 69. Ra5+ ({White should play} 69. Re4 $1 $16) 69... Ke6 $11 {The position is equal.} 70. Ke4 Kd7 71. d4 Re6+ 72. Kd3 Rc6 73. Rh5 Rg6 74. Kc4 Rc6+ 75. Kd3 Rg6 76. d5 Kd6 77. Kd4 {Accuracy: White = 49%, Black = 62%.} 1/2-1/2